Học phần chuyên môn Học phần chuyên môn

Na minha lista:
Detalhes bibliográficos
Autor principal: Lê Thị Thúy Hương
Formato: Livro
Idioma:English
Assuntos:
Tags: Adicionar Tag
Sem tags, seja o primeiro a adicionar uma tag!
Thư viện lưu trữ: Mạng thư viện Đại học Đà Nẵng
LEADER 01062cam a22003131a 4500
001 000036094
003 12386
005 20160325000000.0
008 160325s0 enk 000 eng
041 |a eng 
082 |a 425  |b LE- H  |2 Học phần chuyên môn 
100 |a Lê Thị Thúy Hương 
245 |a Học phần chuyên môn  |c Lê Thị Thúy Hương  |n Học phần chuyên môn 
300 |a 110tr, mh, cm 
650 |a Học phần chuyên môn, Lê Thị Thúy Hương 
852 |b Chuyên đề  |c Giáo trình 
OWN |a LNN 
AVA |a UDN50  |b LNN  |d 425 LE- H  |e available  |t Error 5001 Not defined in file expand_doc_bib_avail.  |f 1  |g 0  |h N  |i 0  |k 1 
999 |a From the UDN01 
AVA |a UDN50  |b LNN  |d 425 LE- H  |e available  |t Error 5001 Not defined in file expand_doc_bib_avail.  |f 1  |g 0  |h N  |i 0  |k 1 
TYP |a Monograph 
TYP |a Printed language 
980 |a Mạng thư viện Đại học Đà Nẵng